Statistics for Biggest cities of Regions

Click here to take the quiz!

General Stats

  • This quiz has been taken 42 times
    (19 since last reset)
  • The average score is 18 of 20

Answer Stats

RegionCity% Correct
East AsiaGuangzhou
100%
Central AfricaKinshasa
100%
Eastern EuropeWarsaw
100%
South AsiaDelhi
94%
Southern AfricaJohannesburg
94%
Western South AmericaLima
94%
Western EuropeLondon
94%
Eastern AfricaNairobi
94%
Northern AmericaNew York City
94%
Eastern South AmericaSão Paulo
94%
OceaniaSydney
94%
Southeast AsiaBangkok
88%
Central EuropeBerlin
88%
Middle EastCairo
88%
East IndiesJakarta
88%
Western AfricaLagos
88%
Northern EuropeStockholm
88%
North Asia and European RussiaMoscow
81%
Southern Europe and the BalkansMilan
75%
Carribian BasainMexico City
69%

Score Distribution

Percentile by Number Answered

Percent of People with Each Score

Your Score History

You have not taken this quiz since the last reset